Monitoring building structures (Record no. 94336)

MARC details
000 -LEADER
fixed length control field 00896cam a2200241 4500
008 - FIXED-LENGTH DATA ELEMENTS--GENERAL INFORMATION
fixed length control field 090401t1992 xxu||||| |||| 00| 0 eng d
020 ## - INTERNATIONAL STANDARD BOOK NUMBER
International Standard Book Number 021693141X
035 ## - SYSTEM CONTROL NUMBER
System control number (Sirsi) u61693
041 ## - LANGUAGE CODE
Language code of text/sound track or separate title eng
050 ## - LIBRARY OF CONGRESS CALL NUMBER
Classification number 690.2
-- 18
245 ## - TITLE STATEMENT
Title Monitoring building structures
260 ## - PUBLICATION, DISTRIBUTION, ETC.
Place of publication, distribution, etc. Glasgow
Name of publisher, distributor, etc. Blackie
Date of publication, distribution, etc. 1992
300 ## - PHYSICAL DESCRIPTION
Extent xi,155p.
Other physical details ill.
Dimensions 23cm.
350 ## - PRICE (NR) (BK AM CF MU VM SE) [OBSOLETE]
Price 49
520 ## - SUMMARY, ETC.
Summary, etc. Aimed at engineers who are required to make recommendations in respect of the safety and servicability of buildings. Includes chapters on surveying techniques, photogrammetry, dynamic testing and automatic and autonomous monitoring techniques.
650 ## - SUBJECT ADDED ENTRY--TOPICAL TERM
Topical term or geographic name entry element BUILT ENVIRONMENT-CONSTRUCTION DESIGN
650 ## - SUBJECT ADDED ENTRY--TOPICAL TERM
Topical term or geographic name entry element BUILDING FAILURES
650 ## - SUBJECT ADDED ENTRY--TOPICAL TERM
Topical term or geographic name entry element BUILT ENVIRONMENT-BUILDING SURVEYING-STRUCTURAL SURVEYING
690 ## - LOCAL SUBJECT ADDED ENTRY--TOPICAL TERM (OCLC, RLIN)
Topical term or geographic name as entry element BUILT ENVIRONMENT
700 ## - ADDED ENTRY--PERSONAL NAME
Personal name Moore, J. F. A.
International Standard Serial Number Editor
942 ## - ADDED ENTRY ELEMENTS (KOHA)
Suppress in OPAC 0
948 ## - LOCAL PROCESSING INFORMATION (OCLC); SERIES PART DESIGNATOR (RLIN)
c (OCLC) 04/03/1997
Holdings
Withdrawn status Lost status Source of classification or shelving scheme Damaged status Not for loan Home library Current library Shelving location Date acquired Cost, normal purchase price Total Checkouts Full call number Barcode Date last seen Date last checked out Copy number Cost, replacement price Price effective from Koha item type
    Dewey Decimal Classification     London London Books 17/06/1992 49.00 6 690.2 30033602 06/08/2019 23/01/2003 1 49.00 06/08/2019 Book